Conservation of amphibians and reptiles (Registro nro. 9111)

Detalles MARC
000 -CABECERA
Campo de control 006990000a22002410004500
090 ## - CLASIFICACIÓN LOCAL
Colección AR
Consecutivo 00008
041 0# - IDIOMA
Código de idioma para texto/pista de sonido o título separado
100 1# - ASIENTO PRINCIPAL--NOMBRE PERSONAL
Nombre personal Mittermeier, Russell A.
245 10 - MENCION DE TITULO
Título Conservation of amphibians and reptiles
650 14 - ASIENTO SECUNDARIO DE MATERIA - TERMINO TEMATICO
Término temático o nombre geográfico como elemento de entrada Herpetofauna
650 14 - ASIENTO SECUNDARIO DE MATERIA - TERMINO TEMATICO
Término temático o nombre geográfico como elemento de entrada Fauna
650 14 - ASIENTO SECUNDARIO DE MATERIA - TERMINO TEMATICO
Término temático o nombre geográfico como elemento de entrada Reptiles
650 14 - ASIENTO SECUNDARIO DE MATERIA - TERMINO TEMATICO
Término temático o nombre geográfico como elemento de entrada Anfibios
650 14 - ASIENTO SECUNDARIO DE MATERIA - TERMINO TEMATICO
Término temático o nombre geográfico como elemento de entrada Conservación
650 14 - ASIENTO SECUNDARIO DE MATERIA - TERMINO TEMATICO
Término temático o nombre geográfico como elemento de entrada Taxonomía
650 14 - ASIENTO SECUNDARIO DE MATERIA - TERMINO TEMATICO
Término temático o nombre geográfico como elemento de entrada Biología
700 1# - ASIENTO SECUNDARIO - NOMBRE PERSONAL
Nombre personal Carr, John L.
700 1# - ASIENTO SECUNDARIO - NOMBRE PERSONAL
Nombre personal Swingland, Ian R.
700 1# - ASIENTO SECUNDARIO - NOMBRE PERSONAL
Nombre personal Werner, Timothy B.
700 1# - ASIENTO SECUNDARIO - NOMBRE PERSONAL
Nombre personal Mast, Roderic B.
773 1# - Item fuente:
Título Society for the Study of Amphibians and Reptiles
Especificación de materiales 5
Paginas del Articulo 59-80
Lugar, editorial y fecha de publicación 1992
942 ## - ELEMENTOS ADICIONALES (KOHA)
Tipo de ítem Artículo
Existencias
Withdrawn status Lost status Sistema de Clasificación Damaged status No para préstamo Colección Ubicación Permanente Ubicación actual Fecha de adquisición Total Checkouts Número topográfico Inventario / Código de Barras Date last seen Ejemplar Price effective from Tipo de material
    Dewey Decimal Classification   No para Préstamo Hemeroteca Bogotá Bogotá 27/02/2015   AR 00008 Fuera de circulación 010225 25/03/2015 1 25/03/2015 Artículo
    Dewey Decimal Classification   No para Préstamo Hemeroteca Bogotá Bogotá 27/02/2015   AR 00008 Fuera de circulación 010226 25/03/2015 2 25/03/2015 Artículo